SINAIS PARA O TRÁFEGO DE AERÓDROMO - Statistics

Estatísticas Gerais
  • Esse quiz foi jogado 114 vezes
  • A pontuação média é 7 de 13
Estatísticas das Respostas
Perguntório Resposta % Correto
Verde Contínua - Voo Livre pouso
94%
Verde Intermitente - Voo Regresse e pouse
69%
Vermelha Intermitente - Voo Aeródromo impraticável. Não pouse
56%
Verde Contínua - Solo Livre Decolagem
56%
Verde Intermitente - Solo Livre Táxi
56%
Branca Intermitente - Voo Pouse neste aeródromo e dirija-se ao estacionamento
56%
Branca Intermitente - Solo Regresse ao estacionamento
56%
Vermelha Intermitente - Solo Afaste-se da pista em uso
38%
Vermelha Contínua - Voo Dê passagem a outra aeronave. Continue no circuito
38%
Pirotécnica Vermelha - Voo Não obstante qualquer instrução anterior, não pouse por enquanto
38%
Vento - Solo 16 12 10
31%
Vento - Duplo Comando 20 16 14
31%
Vermelha Contínua - Solo Mantenha a posição
31%
Nenhum quiz correspondente encontrado
Distribuição das Pontuações
Porcentagem de Pessoas com Cada Pontuação
Percentil de Números Respondidos
Sua Pontuação Histórica
Você não jogou esse quiz